[Event "Andorra zt"]
[Site "Andorra"]
[Date "1987.??.??"]
[Round "?"]
[White "Fernandes, Antonio"]
[Black "Magem Badals, Jorge"]
[Result "1-0"]
[WhiteElo "2400"]
[BlackElo "2425"]

1.d4 Nf6 2.Bg5 Ne4 3.Bh4 c5 4.f3 g5 5.fxe4 gxh4 6.e3 Bh6 7.Qd3 cxd4 8.exd4 Qb6
9.b3 Nc6 10.c3 e5 11.d5 Ne7 12.Na3 f5 13.Nf3 Qf6 14.d6 fxe4 15.Qxe4 Ng6 16.Bc4 Qxd6
17.Nb5 Qc6 18.Qxc6 bxc6 19.Nc7+ Kd8 20.Nxa8 Bb7 21.g3 d5 22.Be2 Bxa8 23.b4 Ke7
24.Kd1 c5 25.bxc5 Rc8 26.Bd3 Bg7 27.Bxg6 hxg6 28.Re1 e4 29.Nd4 hxg3 30.hxg3 Rxc5
31.Kd2 Bh6+ 32.Kc2 Bg7 33.Kd2 Bb7 34.Rh1 Ba6 35.Rh7 e3+ 36.Kc2 Kf6 37.Rxg7 Rc8
38.Rxa7 Bc4 39.Re1 Re8 40.Rh7 Kg5 41.g4 Kxg4 42.Rf7 Bxa2 43.Rg1+  1-0

[Event "Banja Vrucica"]
[Site "Banja Vrucica"]
[Date "1987.??.??"]
[Round "10"]
[White "Kojder, Konrad"]
[Black "Cvijic, Nevenko"]
[Result "1-0"]
[WhiteElo "2290"]
[BlackElo "2275"]

1.d4 Nf6 2.Bg5 Ne4 3.Bf4 c5 4.d5 Qb6 5.Bc1 Qf6 6.Nf3 g5 7.Qd3 Nxf2 8.Kxf2 g4
9.Qc3 Qxc3 10.Nxc3 gxf3 11.exf3 Bg7 12.Nb5 Na6 13.c3 O-O 14.Bg5 f6 15.Bf4 b6
16.Bc4 f5 17.Rhe1 Kf7 18.Re2 Bf6 19.Rae1 d6 20.Bxd6 exd6 21.Nxd6+ Kg7 22.Nxc8 Raxc8
23.Bxa6 Rcd8 24.Bb7 Rd6 25.Re6 Rfd8 26.Rxd6 Rxd6 27.Bc6 Bd8 28.g3 Kf7 29.f4 Be7
30.Re5 Rf6 31.Bd7 Bd6 32.Rxf5 Rxf5 33.Bxf5 h6 34.Bd3 Kf6 35.Kf3 h5 36.h3 Kf7
37.g4 hxg4+ 38.hxg4 Bc7 39.g5 Bd6 40.Kg4 Kg7 41.f5 Kf7  1-0

[Event "Biel schev"]
[Site "Biel"]
[Date "1987.??.??"]
[Round "?"]
[White "Landenbergue, Claude"]
[Black "Lematschko, Tatjana"]
[Result "1/2-1/2"]
[WhiteElo "2300"]
[BlackElo "2340"]

1.d4 Nf6 2.Bg5 Ne4 3.h4 d5 4.Nd2 Nxg5 5.hxg5 g6 6.e3 Bg7 7.f4 c6 8.Qf3 Bf5
9.O-O-O Qa5 10.g4 Bd7 11.Kb1 Na6 12.Rh4 O-O-O 13.Qh1 f6 14.Ngf3 Rdf8 15.Rxh7 Bxg4
16.Bh3 Bxh3 17.Qxh3+ f5 18.c3 Qd8 19.Ne5 Qe8 20.Ndf3 Nc7 21.Rd2 Ne6 22.Rh2 Rfg8
23.Qf1 Rxh7 24.Rxh7 Nf8 25.Rh2 Rh8 26.Rxh8  1/2-1/2

[Event "HUN-ch op"]
[Site "Eger"]
[Date "1987.??.??"]
[Round "?"]
[White "Botos, Ferenc"]
[Black "Nagy, Janos"]
[Result "0-1"]
[WhiteElo "2235"]
[BlackElo "2235"]

1.d4 Nf6 2.Bg5 Ne4 3.Bh4 d5 4.f3 Nd6 5.Nd2 Nc6 6.c3 Bf5 7.g4 Bg6 8.Qb3 h5
9.Qxd5 hxg4 10.Bf2 Rh5 11.Qb3 Rb5 12.Qa3 e5 13.e3 Ne4 14.Qa4 Ra5 15.Qc4 Nxf2
16.Kxf2 Qh4+ 17.Kg2 exd4 18.cxd4 O-O-O 19.a3 Ne5 20.Qc3 Nxf3 21.Bd3 Rc5 22.Nc4 Rxc4
23.Qxc4 Ne5 24.dxe5 Bxd3 25.Qf4 Be4+  0-1

[Event "Hameln Voba"]
[Site "Hameln"]
[Date "1987.??.??"]
[Round "?"]
[White "Bricard, Emmanuel"]
[Black "Adrian, Claude"]
[Result "1-0"]
[WhiteElo "2350"]
[BlackElo "2355"]

1.d4 Nf6 2.Bg5 Ne4 3.Bf4 d5 4.f3 Nf6 5.e4 e6 6.e5 Nfd7 7.Be3 c5 8.c3 Nc6
9.f4 Qb6 10.Qd2 f6 11.Nf3 g5 12.exf6 gxf4 13.Bxf4 Nxf6 14.Bd3 Bg7 15.Na3 cxd4
16.cxd4 O-O 17.O-O Ne4 18.Bxe4 dxe4 19.Nc4 Qd8 20.Bg5 Qc7 21.Nfe5 Bd7 22.Bh6 Nxe5
23.Nxe5 Bb5 24.Rfc1 Qe7 25.Bxg7 Qxg7 26.Qe3 Qf6 27.a4 Bd3 28.Nxd3 exd3 29.Rf1 Qg6
30.Rxf8+ Rxf8 31.Rd1 Rc8 32.Rxd3 Rc2 33.Qg3 Qxg3 34.Rxg3+ Kf7 35.b3 Rd2 36.Rc3 b6
37.Rc7+ Kg6 38.Rxa7 Rxd4 39.Re7 Re4 40.Kf2 h5 41.Kf3 Kf5 42.Rf7+ Ke5 43.Rh7 Rh4
44.Kg3 Rg4+ 45.Kh3 Kd4 46.Rxh5 Rg6 47.Rh8 e5 48.Re8 e4 49.g4 e3 50.Kg3 Kd3
51.h4 e2 52.g5 Rg8 53.Re6 Rd8 54.g6 Kd2 55.h5 Rd5 56.Kg4 Rd3 57.g7  1-0

[Event "Lloyds Bank op"]
[Site "London"]
[Date "1987.??.??"]
[Round "10"]
[White "Plaskett, Jim"]
[Black "Hebden, Mark"]
[Result "1-0"]
[WhiteElo "2475"]
[BlackElo "2515"]

1.d4 Nf6 2.Bg5 Ne4 3.Bf4 c5 4.d5 Qb6 5.Nd2 Nxd2 6.Bxd2 Qxb2 7.e4 e6 8.Nf3 exd5
9.exd5 Be7 10.Rb1 Qf6 11.Bd3 d6 12.O-O h6 13.Re1 O-O 14.Rb3 Bg4 15.Bc3 Bxf3
16.Bxf6 Bxd1 17.Bxe7 Re8 18.Rxb7 Bg4 19.Bb5 Na6 20.Bxa6 Bc8 21.Kf1  1-0

[Event "Moscow-A"]
[Site "Moscow"]
[Date "1987.??.??"]
[Round "?"]
[White "Hodgson, Julian M"]
[Black "Hjartarson, Johann"]
[Result "0-1"]
[WhiteElo "2520"]
[BlackElo "2545"]

1.d4 Nf6 2.Bg5 Ne4 3.Bh4 c5 4.f3 g5 5.fxe4 gxh4 6.e3 Bh6 7.Kf2 cxd4 8.exd4 Qb6
9.Nc3 e6 10.Bb5 Nc6 11.Nf3 Bg7 12.Bxc6 bxc6 13.e5 f6 14.exf6 Bxf6 15.Ne4 Bg7
16.Nd6+ Ke7 17.Nc4 Qb4 18.b3 Ba6 19.Qe1 Qxe1+ 20.Rhxe1 c5 21.c3 Rhf8 22.Re4 cxd4
23.cxd4 h3 24.Rd1 hxg2 25.Kxg2 d5 26.Rg4 Rg8 27.Ne3 Bh6 28.Rxg8 Rxg8+ 29.Kf2 Rf8
30.Ng4 Bf4 31.Nge5 Rc8 32.a4 Rc2+ 33.Kg1 Be2 34.Rb1 Be3+ 35.Kh1 a5 36.b4 axb4
37.Rxb4 Bf1 38.Rb7+ Kd8 39.Nf7+ Ke8 40.Nd6+ Kf8 41.Rf7+ Kg8 42.Ne1 Bg2+ 43.Nxg2 Rc1+
44.Ne1 Rxe1+ 45.Kg2 Bxd4 46.Re7 Bc3  0-1

[Event "New York op"]
[Site "New York"]
[Date "1987.??.??"]
[Round "?"]
[White "Illescas Cordoba, Miguel"]
[Black "Taylor, Timothy"]
[Result "1/2-1/2"]
[WhiteElo "2505"]
[BlackElo "2455"]

1.d4 Nf6 2.Bg5 Ne4 3.Bh4 c5 4.f3 Qa5+ 5.c3 Nf6 6.d5 e5 7.Bxf6 gxf6 8.e4 d6
9.Nd2 f5 10.g3 f4 11.Bh3 Bxh3 12.Nxh3 fxg3 13.hxg3 Nd7 14.Nc4 Qc7 15.Ne3 Be7
16.Nf5 Bf6 17.Nf2 O-O-O 18.Rh5 Rdg8 19.Qd2 Bd8 20.Ng4 Rxg4 21.fxg4 Nf6 22.Rh6 Nxe4
23.Qe2 Nf6 24.O-O-O Rg8 25.Kb1 Rg6 26.c4 Qd7 27.Rf1 Kc7 28.Rxg6 hxg6 29.Nh6 g5
30.Rf5 Kc8 31.Rxg5 Nxd5 32.Rg7 Nc7 33.Qe4 Qa4 34.b3 Qb4 35.Nxf7 Nb5 36.Qf5+ Kb8
37.cxb5 Qe1+ 38.Kb2 e4 39.Qd5 Bf6+ 40.Kc2 Qf2+ 41.Kd1 Qf1+ 42.Kc2 Qf2+ 43.Kd1 Qf1+  1/2-1/2

[Event "Oslo"]
[Site "Oslo"]
[Date "1987.??.??"]
[Round "?"]
[White "Berg, Klaus"]
[Black "Dunnington, Angus J"]
[Result "1/2-1/2"]
[WhiteElo "2365"]
[BlackElo "2285"]

1.d4 Nf6 2.Bg5 Ne4 3.Bf4 c5 4.dxc5 Nc6 5.Nf3 Qa5+ 6.Nbd2 e5 7.Be3 Bxc5 8.Bxc5 Nxd2
9.Nxd2 Qxc5 10.e4 d5 11.exd5 Qxd5 12.Nc4 Qe4+ 13.Qe2 Qxe2+ 14.Bxe2 O-O 15.O-O-O Be6
16.Nd6 Rab8 17.Bc4 Bxc4 18.Nxc4 Rfd8 19.Rxd8+ Rxd8 20.Rd1 Rxd1+ 21.Kxd1 Kf8
22.Kd2 Ke7 23.c3 Ke6 24.b4 b5 25.Na3 a6 26.Nc2 f5 27.c4 g5 28.Kc3 h5 29.Na1 Nd4
30.Nb3 Ne2+ 31.Kd2 Nf4 32.Nc5+ Kd6 33.Nxa6 bxc4 34.Kc3 e4 35.Kxc4 Nd3 36.Nc5 Nxf2
37.Kd4 Ng4 38.h3 Ne5 39.Nxe4+ fxe4 40.Kxe4 Ke6 41.a4 Nc6 42.b5 Na5 43.Kd4 Kd6
44.Ke4 Ke6 45.g3 Nb3 46.b6 Na5 47.Kd4 Kd6 48.Ke4 Ke6  1/2-1/2

[Event "Sochi"]
[Site "Sochi"]
[Date "1987.??.??"]
[Round "?"]
[White "Ortega, Lexy"]
[Black "Kharitonov, Andrei Y"]
[Result "0-1"]
[WhiteElo "2440"]
[BlackElo "2450"]

1.d4 Nf6 2.Bg5 Ne4 3.h4 c5 4.dxc5 Na6 5.Qd4 Naxc5 6.Nd2 Nxd2 7.Bxd2 d6 8.e4 e5
9.Bb5+ Bd7 10.Bxd7+ Qxd7 11.Qd5 Qg4 12.Ne2 Qxe4 13.Qxe4 Nxe4 14.Nc3 Nxc3
15.Bxc3 Be7 16.O-O-O Rc8 17.Bb4 Kd7 18.Rd5 Rc4 19.Ba3 Rhc8 20.c3 Rd4 21.Rb5 b6
22.g3 Rd3 23.Re1 Rc4 24.Kc2 Rf3 25.Re2 Kc6 26.Rb4 Rxb4 27.Bxb4 a5 28.Ba3 f5  0-1

[Event "Berlin Neukoelln"]
[Site "Berlin-West"]
[Date "1988.??.??"]
[Round "?"]
[White "Franke, Heribert"]
[Black "Zsinka, Laszlo"]
[Result "1-0"]
[WhiteElo "2395"]
[BlackElo "2430"]

1.d4 Nf6 2.Bg5 Ne4 3.Bf4 c5 4.f3 Qa5+ 5.c3 Nf6 6.d5 d6 7.e4 Nbd7 8.Nh3 g6
9.Nf2 Bg7 10.Be2 O-O 11.Nd2 Rb8 12.a4 Qc7 13.Nc4 b6 14.O-O Ba6 15.g4 Ne5
16.Nxe5 Bxe2 17.Qxe2 dxe5 18.Be3 c4 19.Kg2 Nd7 20.h4 Rfd8 21.h5 Nf8 22.hxg6 fxg6
23.Nd1 e6 24.Bg5 exd5 25.Bxd8 Rxd8 26.exd5 Rxd5 27.Qe4 Rc5 28.Nf2 Ne6 29.Qa8+ Bf8
30.Ne4 Nf4+ 31.Kg3 Rc6 32.Rad1 Re6 33.Rd8 Qe7 34.Rfd1 Nd3 35.b3 Nc5 36.Rxf8+  1-0

[Event "Biel-B"]
[Site "Biel"]
[Date "1988.??.??"]
[Round "8"]
[White "Gerber, Richard"]
[Black "Bellon Lopez, Juan Manuel"]
[Result "0-1"]
[WhiteElo "2370"]
[BlackElo "2450"]

1.d4 Nf6 2.Bg5 Ne4 3.Bh4 g5 4.f3 gxh4 5.fxe4 e5 6.Nc3 Bh6 7.Nf3 O-O 8.e3 Bxe3
9.Nxe5 d6 10.Nf3 f5 11.Bc4+ Kh8 12.Qd3 Bh6 13.e5 c6 14.exd6 Qxd6 15.O-O b5
16.Bb3 a5 17.Ne5 Ra7 18.a3 Rg7 19.Rae1 b4 20.axb4 axb4 21.Ne2 c5 22.Nf4 cxd4
23.Nd5 Qc5 24.Bc4 f4 25.Nf3 Nc6 26.Kh1 Na5 27.b3 h3 28.gxh3 Nxc4 29.bxc4 Ba6
30.Ne5 Bb7 31.Re4 f3 32.Qxd4 Qxd4 33.Rxd4 f2 34.Rg4 Rf5 35.Rxg7 Bxg7 36.Kg2 Bxe5
37.Rxf2 Rxf2+ 38.Kxf2 Bxd5 39.cxd5 Kg7 40.Ke3 Kf6 41.Ke4 Bxh2 42.Kd4 Bd6
43.h4 h5 44.c4 Bc5+  0-1

[Event "Biel-B"]
[Site "Biel"]
[Date "1988.??.??"]
[Round "9"]
[White "Bellon Lopez, Juan Manuel"]
[Black "Litinskaya, Marta I"]
[Result "1-0"]
[WhiteElo "2450"]
[BlackElo "2400"]

1.d4 Nf6 2.Bg5 Ne4 3.Bh4 c5 4.f3 g5 5.fxe4 gxh4 6.e3 Bh6 7.Qh5 Bxe3 8.Nf3 d6
9.Bc4 e6 10.Rf1 cxd4 11.Nxd4 Qe7 12.Nf3 Nc6 13.Nc3 Bd7 14.Nb5 O-O-O 15.Qxf7 d5
16.Qxe7 Nxe7 17.exd5 exd5 18.Bd3 h3 19.g3 Rhf8 20.Ke2 Bb6 21.Kd2 a6 22.Nbd4 Ng6
23.c3 Bg4 24.Rae1 Rd6 25.Ng5 Rxf1 26.Rxf1 Bxd4 27.cxd4 h5 28.Rf7 h4 29.gxh4 Nxh4
30.Rf4 Rb6 31.Rxg4 Rxb2+ 32.Kc3 Rg2 33.Rxh4 Rxg5 34.Rg4 Rh5 35.Rg7 Kb8 36.a4 Rh8
37.Rg3 Ka7 38.a5 b5 39.axb6+ Kb7  1-0

[Event "Biel-B"]
[Site "Biel"]
[Date "1988.??.??"]
[Round "10"]
[White "Gerber, Richard"]
[Black "Litinskaya, Marta I"]
[Result "0-1"]
[WhiteElo "2370"]
[BlackElo "2400"]

1.d4 Nf6 2.Bg5 Ne4 3.Bh4 c5 4.f3 g5 5.fxe4 gxh4 6.e3 Bh6 7.Kf2 cxd4 8.exd4 e5
9.Nc3 exd4 10.Qxd4 O-O 11.Nd5 Bg7 12.Qe3 Nc6 13.Nf3 d6 14.c3 Ne5 15.Nxe5 Bxe5
16.Bc4 Kh8 17.Raf1 b5 18.Bb3 Be6 19.Ke1 a5 20.Rf2 a4 21.Bc2 a3 22.b3 Rc8
23.Rhf1 f5 24.Kd1 Bxd5 25.exd5 Rxc3 26.Qh6 Bg7 27.Qe6 Qg5 28.Rxf5 Qg4+ 29.Kc1 Rg8
30.Re1 Rcc8 31.Qe4 Qxe4 32.Rxe4 Bb2+ 33.Kd1 Rxg2 34.Rh5 Rcxc2 35.Re8+ Kg7
36.Re7+ Kg6  0-1

[Event "US op"]
[Site "Boston"]
[Date "1988.??.??"]
[Round "?"]
[White "Toth, Peter"]
[Black "Bonin, Jay R"]
[Result "0-1"]
[WhiteElo "2280"]
[BlackElo "2385"]

1.d4 Nf6 2.Bg5 Ne4 3.Bf4 c5 4.Nd2 Nxd2 5.Qxd2 cxd4 6.Bxb8 Rxb8 7.Qxd4 Qa5+
8.Qd2 Qb6 9.c3 g6 10.Nf3 Bg7 11.e3 O-O 12.Be2 d5 13.O-O Rd8 14.Rfd1 h6 15.Qc2 e5
16.Qb3 Qc5 17.Rac1 Be6 18.Qa4 b5 19.Qa5 Rdc8 20.h3 b4 21.Qxc5 Rxc5 22.cxb4 Rxc1
23.Rxc1 e4 24.Nd4 Bxd4 25.exd4 Rxb4 26.Rc2 Rxd4 27.a3 Kg7 28.Kf1 Kf6 29.Ke1 Ke5
30.Rc7 f5 31.Rxa7 f4 32.b4 e3 33.Bg4 Bxg4 34.hxg4 Rd2 35.fxe3 fxe3 36.b5 Rb2
37.a4 Ke4 38.Kd1 e2+ 39.Ke1 Kd3 40.Re7 Rb1+ 41.Kf2 Rf1+  0-1

[Event "Caorle op"]
[Site "Caorle"]
[Date "1988.??.??"]
[Round "2"]
[White "Verrascina, Nicola"]
[Black "Sand, Rolf"]
[Result "1/2-1/2"]
[WhiteElo "1970"]
[BlackElo "2000"]

1.d4 Nf6 2.Bg5 Ne4 3.Bh4 d5 4.Nd2 Nxd2 5.Qxd2 Bf5 6.e3 Nd7 7.Bd3 Bg6 8.Ne2 Nf6
9.Bxf6 gxf6 10.O-O-O c6 11.h4 Bxd3 12.Qxd3 e6 13.Kb1 Qa5 14.e4 dxe4 15.Qxe4 O-O-O
16.Rh3 Qd5 17.Qxd5 cxd5 18.Rhd3 Rg8 19.g3 Be7 20.b3 b6 21.c4 Kb7 22.Kb2 dxc4
23.bxc4 Rd7 24.Nf4 Bd6 25.Nh5 Be7 26.Nf4 Bd6 27.Ng2 Rgd8 28.Kc2 Rc7 29.Ne3 Rdc8
30.Kb3 Kb8 31.a4 a5 32.Rc1 Bf8  1/2-1/2

[Event "Caorle op"]
[Site "Caorle"]
[Date "1988.??.??"]
[Round "4"]
[White "Verrascina, Roberto"]
[Black "Loebler, Heimo"]
[Result "1/2-1/2"]
[WhiteElo "2035"]
[BlackElo "2000"]

1.d4 Nf6 2.Bg5 Ne4 3.Bf4 c5 4.f3 Nf6 5.d5 d6 6.e4 Qb6 7.Nc3 Nbd7 8.Qd2 g6
9.O-O-O a6 10.g4 Qa5 11.Kb1 b5 12.h4 h6 13.Re1 Bg7 14.Nge2 Nb6 15.Ng3 Nfd7
16.Nd1 b4 17.h5 g5 18.Nf5 Be5 19.Bxe5 Nxe5 20.Rh3 Bd7 21.b3 c4 22.f4 gxf4
23.Qxf4 cxb3 24.cxb3 Bxf5 25.exf5 Nxd5 26.Qe4 Rc8 27.Bxa6 Qxa6 28.Qxd5 Rg8
29.Nf2 Qc6 30.Qxc6+ Rxc6 31.Rg3 f6 32.Re4 Rb6 33.Kb2 Kd7 34.Nd3 Nxd3+ 35.Rxd3 Rc8
36.Rdd4 Rbc6  1/2-1/2

[Event "Caorle op"]
[Site "Caorle"]
[Date "1988.??.??"]
[Round "6"]
[White "Verrascina, Roberto"]
[Black "Mora, Federico"]
[Result "1-0"]
[WhiteElo "2035"]
[BlackElo "2010"]

1.d4 Nf6 2.Bg5 Ne4 3.Bh4 d5 4.Nd2 f5 5.e3 Nd7 6.Nxe4 fxe4 7.Qh5+ g6 8.Qxd5 Nf6
9.Qxd8+ Kxd8 10.Bc4 h6 11.Ne2 g5 12.Bg3 Bf5 13.Be5 c6 14.O-O-O Rh7 15.Ng3 Bg6
16.h4 b5 17.Be6 gxh4 18.Rxh4 a5 19.Bxf6 exf6 20.Bf5 Rg7 21.Bxg6 Rxg6 22.Rxe4 Kc7
23.Rh1 Rd8 24.Rf4 Rd5 25.Ne4 Bg7 26.g4 Rd8 27.Rh5 Rf8 28.Kd2 Kb6 29.Rhf5 Bh8
30.c3 Bg7 31.Nc5 Rd8 32.Ne6 Rd6 33.Nxg7 Rxg7 34.Rxf6 Rxf6 35.Rxf6 Rxg4 36.Rxh6 Kc7
37.Rf6 Rg1 38.e4 Rb1 39.Kc2 Re1 40.e5 a4 41.a3 Re2+ 42.Kb1 Re1+ 43.Ka2 Kd7
44.f4 Re4 45.f5 c5 46.Rd6+ Ke7 47.f6+ Kf7 48.Rd5 b4 49.axb4  1-0

[Event "Forli op"]
[Site "Forli"]
[Date "1988.??.??"]
[Round "?"]
[White "Rossi, Carlo"]
[Black "De Eccher, Stefano"]
[Result "1-0"]
[WhiteElo "2285"]
[BlackElo "2290"]

1.d4 Nf6 2.Bg5 Ne4 3.Bf4 c5 4.f3 Nf6 5.dxc5 Qa5+ 6.Qd2 Qxc5 7.e4 d6 8.Nc3 Be6
9.Bb5+ Nbd7 10.Nge2 a6 11.Be3 Qc7 12.Ba4 b5 13.Bb3 Rc8 14.Bxe6 fxe6 15.O-O g6
16.Nf4 Kf7 17.a4 Bh6 18.axb5 axb5 19.Ra7 Qc4 20.Nd3 Bxe3+ 21.Qxe3 Ra8 22.Rxa8 Rxa8
23.e5 b4 24.Ne4 dxe5 25.Nxe5+ Nxe5 26.Ng5+ Kg8 27.Qxe5 Rc8 28.Rf2 Rd8 29.g3 Rd1+
30.Kg2 Rc1 31.Qb8+ Kg7 32.Qd8 Rxc2 33.Qxe7+ Kh6 34.Nf7+ Kh5 35.g4+  1-0

[Event "Bundesliga 8788"]
[Site "Germany"]
[Date "1988.??.??"]
[Round "?"]
[White "Berg, Klaus"]
[Black "Fahnenschmidt, Gerhard"]
[Result "1/2-1/2"]
[WhiteElo "2370"]
[BlackElo "2355"]

1.d4 Nf6 2.Bg5 Ne4 3.Bh4 g5 4.Bg3 d6 5.Nd2 Nxg3 6.hxg3 Bg7 7.e3 c5 8.c3 cxd4
9.exd4 Bf5 10.Bb5+ Kf8 11.Qf3 Qc8 12.Ne2 Nc6 13.Bd3 Bxd3 14.Qxd3 h6 15.f3 d5
16.Nf1 Qd7 17.g4 e6 18.Nfg3 Ke7 19.Nh5 Rag8 20.O-O Kd8 21.Rfd1 f5 22.gxf5 exf5
23.Neg3 Ne7 24.Re1 f4 25.Rxe7 Kxe7 26.Nf5+ Kf7 27.Nhxg7 Rxg7 28.Re1 Re8 29.Rxe8 Kxe8
30.Nxg7+ Qxg7 31.Qf5 Qe7 32.Kf1 Qe3 33.Qc8+ Kf7 34.Qxb7+ Kg6 35.Qa6+ Kh5
36.Qe2 Qc1+ 37.Kf2 Kh4 38.Qe1 Qxb2+ 39.Kg1+ Kh5 40.Qe8+ Kh4 41.Qe1+ Kh5 42.Qe8+ Kh4
43.Qe6 Kh5 44.Qg4+ Kg6 45.Qe6+ Kh5 46.Qg4+ Kg6 47.Qe6+ Kh5  1/2-1/2

[Event "Lvov"]
[Site "Lvov"]
[Date "1988.??.??"]
[Round "?"]
[White "Piket, Jeroen"]
[Black "Sapis, Witalis"]
[Result "1-0"]
[WhiteElo "2470"]
[BlackElo "2445"]

1.d4 Nf6 2.Bg5 Ne4 3.Bf4 d5 4.Nd2 Nxd2 5.Qxd2 Bf5 6.e3 e6 7.Bd3 Bxd3 8.Qxd3 c6
9.Nf3 Qa5+ 10.c3 Qa6 11.Qxa6 Nxa6 12.b4 f6 13.Ke2 Kd7 14.a4 Nc7 15.Bxc7 Kxc7
16.Rab1 Bd6 17.Rhc1 Kd7 18.c4 dxc4 19.b5 cxb5 20.Rxb5 Rhb8 21.d5 exd5 22.Rxd5 Rd8
23.Nd4 g6 24.Nb5 Ke7 25.Rxc4 Be5 26.Rxd8 Kxd8 27.f4 Bb8 28.Rd4+ Ke8 29.g4 a6
30.Nd6+ Bxd6 31.Rxd6 Rc8 32.Rxf6 Rc4 33.Rb6 Rxa4 34.h4 Ra2+ 35.Kf3 Rh2 36.h5 gxh5
37.g5 a5 38.Rxb7 a4 39.Ra7 Ra2 40.Rxh7 a3 41.g6  1-0

[Event "Moscow-B"]
[Site "Moscow"]
[Date "1988.??.??"]
[Round "?"]
[White "Zaichik, Gennadi"]
[Black "Chekhov, Valery A"]
[Result "1/2-1/2"]
[WhiteElo "2510"]
[BlackElo "2480"]

1.d4 Nf6 2.Bg5 Ne4 3.Bf4 d5 4.e3 c5 5.c3 Nc6 6.Nd2 Nxd2 7.Qxd2 Bf5 8.Nf3 e6
9.Bb5 Qb6 10.Be2 Be7  1/2-1/2

[Event "Moscow-ch"]
[Site "Moscow"]
[Date "1988.??.??"]
[Round "?"]
[White "Gorelov, Sergey G"]
[Black "Kuzmin, Alexey"]
[Result "1-0"]
[WhiteElo "2440"]
[BlackElo "2415"]

1.d4 Nf6 2.Bg5 Ne4 3.Bh4 c5 4.f3 g5 5.fxe4 gxh4 6.e3 Qb6 7.Nc3 Qxb2 8.Nd5 Kd8
9.Rb1 Qa3 10.Qh5 Qxa2 11.Rd1 Nc6 12.Nf3 Qa5+ 13.Kf2 cxd4 14.exd4 e6 15.Qg5+ Ne7
16.Ne5 exd5 17.Nxf7+ Ke8 18.Nxh8 Qb6 19.Be2 dxe4 20.Bh5+ Kd8 21.Rhe1  1-0

[Event "New York op"]
[Site "New York"]
[Date "1988.??.??"]
[Round "?"]
[White "Rohde, Michael A"]
[Black "Smejkal, Jan"]
[Result "1/2-1/2"]
[WhiteElo "2555"]
[BlackElo "2515"]

1.d4 Nf6 2.Bg5 Ne4 3.Bf4 d5 4.f3 Nf6 5.Nc3 e6 6.e4 Bb4 7.e5 Nfd7 8.a3 Bxc3+
9.bxc3 c5 10.Rb1 Nc6 11.Bb5 a6 12.Bxc6 bxc6 13.Ne2 a5 14.dxc5 Qe7 15.Qd4 Qxc5
16.Qxc5 Nxc5 17.Nd4 Kd7 18.Kd2 Na4 19.Be3 Ba6 20.Nb3 Rhb8 21.Nc5+ Nxc5 22.Bxc5 Rb5
23.Bd6 Ra7 24.a4 Rxb1 25.Rxb1 Rb7 26.Rb3 Kc8 27.h4 Bc4 28.Rxb7 Kxb7 29.h5 Ba2
30.Bf8 g6 31.h6 Kb6 32.Be7 c5 33.Bd8+ Ka6 34.Be7 Kb6 35.Bd8+ Ka6 36.Be7  1/2-1/2

[Event "SWZ-ch"]
[Site "?"]
[Date "1988.??.??"]
[Round "?"]
[White "Gerber, Richard"]
[Black "Nemet, Ivan"]
[Result "1-0"]
[WhiteElo "2370"]
[BlackElo "2425"]

1.d4 Nf6 2.Bg5 Ne4 3.Bh4 c5 4.f3 Qa5+ 5.c3 g5 6.fxe4 gxh4 7.e3 Qb6 8.Nd2 Bh6
9.Nc4 Qg6 10.Nf3 b5 11.Nce5 Qxe4 12.Bxb5 Qxe3+ 13.Kf1 h3 14.Qb3 hxg2+ 15.Kxg2 Rg8+
16.Kf1 e6 17.Re1 Qf4 18.Kf2 Ke7 19.Qa3 Bb7 20.Qxc5+ Kf6 21.Bd3 Rg5 22.Qc7 Rg2+
23.Kxg2 Bxf3+ 24.Kh3 Ke7 25.Rhf1  1-0

[Event "Tbilisi"]
[Site "Tbilisi"]
[Date "1988.??.??"]
[Round "?"]
[White "Zaichik, Gennadi"]
[Black "Gufeld, Eduard"]
[Result "1-0"]
[WhiteElo "2510"]
[BlackElo "2510"]

1.d4 Nf6 2.Bg5 Ne4 3.Bf4 d5 4.e3 c5 5.f3 Qa5+ 6.c3 Nf6 7.Nd2 cxd4 8.exd4 g6
9.Bd3 Bg7 10.Bxb8 Rxb8 11.f4 O-O 12.Ngf3 Qb6 13.Rb1 Nh5 14.g3 Bg4 15.O-O e6
16.Kg2 Rfe8 17.Qb3 Qd6 18.Rbe1 Bf5 19.Bb5 Rec8 20.Ne5 Nf6 21.Be2 b5 22.a3 h5
23.h3 Qe7 24.g4 hxg4 25.hxg4 Be4+ 26.Bf3 a5 27.Nxe4 dxe4 28.Bxe4 Nxe4 29.Rxe4 Qb7
30.Re1 b4 31.axb4 axb4 32.c4 f5 33.c5 Re8 34.c6 Qc7 35.gxf5 gxf5 36.R4e3 Rbd8
37.Nf3 Qxc6 38.Rxe6 Rxe6 39.Rxe6 Qd5 40.Qe3 Kf8 41.Kg3 b3 42.Kh4 Qb5 43.Kg5 Kg8
44.Kg6 Qd7 45.Re7 Qc6+ 46.Qe6+ Qxe6+ 47.Rxe6 Kf8 48.Rb6 Bxd4 49.Rxb3 Bc5
50.Kxf5 Ke7 51.Ne5 Rf8+ 52.Ke4 Kd6 53.Rb7 Bg1 54.b4 Bh2 55.Nd3 Kc6 56.Rh7 Bg1
57.Rg7 Bb6 58.Rg5 Rd8 59.b5+ Kc7 60.Rd5 Rc8 61.f5 Ba7 62.f6 Rf8 63.Kf5  1-0

[Event "Thessaloniki ol (Men)"]
[Site "Thessaloniki"]
[Date "1988.??.??"]
[Round "2"]
[White "West, Guy"]
[Black "Lau, Ralf"]
[Result "0-1"]
[WhiteElo "2300"]
[BlackElo "2495"]

1.d4 Nf6 2.Bg5 Ne4 3.h4 c5 4.dxc5 Qa5+ 5.Nd2 Nxg5 6.hxg5 g6 7.c3 Qxc5 8.Ngf3 Bg7
9.e4 Nc6 10.Nc4 b5 11.Ne3 b4 12.Qd5 Qxd5 13.exd5 Ne5 14.Ng1 bxc3 15.f4 cxb2
16.Rb1 O-O 17.fxe5 Bxe5 18.Nc4 Bg7 19.Rh3 d6 20.Rb3 Bf5 21.Bd3 Bxd3 22.Rxd3 Rfc8
23.Nxb2 Rc2 24.Rb3 Rxg2 25.Nf3 h6 26.gxh6 Bxh6 27.a4 Rc8 28.Nd3 Kg7 29.R1b2 Rxb2
30.Nxb2 Rc5 31.Rb5 Rc3 32.Nd4 Kf6 33.Rb7 Rc1+ 34.Ke2 Rb1 35.Kd3 Bc1 36.Kc2 Rxb2+
37.Rxb2 Bxb2 38.Kxb2 g5 39.Kc3 Ke5 40.Nc6+ Kxd5 41.Nxe7+ Kc5 42.a5 a6 43.Nf5 g4
44.Kd3 d5 45.Ke3 Kb5 46.Nd6+ Kxa5 47.Nxf7 Kb4 48.Ne5 g3 49.Kf3 a5 50.Kxg3 Kc3
51.Nc6 a4 52.Ne7 a3 53.Nxd5+ Kb3  0-1

[Event "Thessaloniki ol (Men)"]
[Site "Thessaloniki"]
[Date "1988.??.??"]
[Round "11"]
[White "West, Guy"]
[Black "Machado, Hermes Amilcar"]
[Result "1/2-1/2"]
[WhiteElo "2300"]
[BlackElo "2340"]

1.d4 Nf6 2.Bg5 Ne4 3.h4 c5 4.d5 Qb6 5.Bc1 e6 6.Nf3 c4 7.e3 Qa5+ 8.Nfd2 exd5
9.Qh5 Nc6 10.c3 Nf6 11.Qg5 Qc7 12.e4 dxe4 13.Nxc4 h6 14.Qf4 Qxf4 15.Bxf4 d5
16.Nd6+ Bxd6 17.Bxd6 Bg4 18.Bb5 O-O-O 19.Bc5 Nd7 20.Be3 Nde5 21.Na3 a6 22.Bxc6 bxc6
23.b4 f5 24.Bd4 Rhe8 25.Nc2 f4 26.a4 Kb7 27.Kd2 Nc4+ 28.Ke1 Rd7 29.Ra2 Ne5
30.Kd2 e3+ 31.fxe3 Nc4+ 32.Kd3 Bf5+ 33.Ke2 Bxc2 34.Rxc2 Nxe3 35.Bxe3 Rxe3+
36.Kf2 Rde7 37.h5 R7e5 38.Rh4 R3e4 39.Rd2 Kc7 40.Rd4 Rxd4 41.cxd4 Re4 42.Rg4 Rxd4
43.Rxg7+ Kb6 44.a5+ Kb5 45.Rb7+ Ka4 46.Rb6 Rc4 47.Kf3 Kb3 48.b5 cxb5 49.Rxh6 Kc2
50.Rxa6 b4 51.h6 b3 52.h7 b2 53.Rb6 Rc8 54.Kxf4 Rh8 55.Rc6+ Kb3 56.Ke5 Rxh7
57.Rb6+ Kc2 58.Kxd5 Rh5+ 59.Ke4 Rxa5 60.g4 Kc3 61.Rxb2 Kxb2 62.Kf4 Kc3  1/2-1/2

[Event "Alma-Ata"]
[Site "Alma-Ata"]
[Date "1989.??.??"]
[Round "5"]
[White "Seredenko, Vladimir"]
[Black "Asanov, Bolat"]
[Result "0-1"]
[WhiteElo "2370"]
[BlackElo "2200"]

1.d4 Nf6 2.Bg5 Ne4 3.Bh4 c5 4.Qd3 Qb6 5.b3 Qh6 6.Nf3 Qc1+ 7.Qd1 Qb2 8.Nbd2 Nxd2
9.Nxd2 Qxd4 10.Bg3 g6 11.e3 Qc3 12.Bd3 Bg7 13.Rb1 Qa5 14.h4 h5 15.O-O Nc6
16.f4 Nb4 17.Ne4 d6 18.Be1 Bg4 19.Qc1 Nxd3 20.cxd3 Qxa2 21.Nc3 Qa6 22.Nd5 Qc6
23.e4 Be6 24.Ne3 f5 25.Qc2 Bd4 26.Rf3 d5 27.e5 Bxe3+ 28.Rxe3 d4  0-1

[Event "Caorle op"]
[Site "Caorle"]
[Date "1989.??.??"]
[Round "5"]
[White "Gant, Otilia"]
[Black "Zlatanovic, Zoran"]
[Result "1-0"]
[WhiteElo "2205"]
[BlackElo "2000"]

1.d4 Nf6 2.Bg5 Ne4 3.Bf4 d5 4.Nd2 Nd6 5.e3 e6 6.Bd3 Be7 7.Ngf3 Nd7 8.c3 Nf8
9.Ne5 g5 10.Bg3 h5 11.h3 c6 12.Qc2 Nf5 13.O-O-O Qa5 14.Kb1 f6 15.Nef3 Nxg3
16.fxg3 Bd7 17.Bg6+ Nxg6 18.Qxg6+ Kd8 19.Qg7 Rf8 20.g4 hxg4 21.hxg4 Be8 22.Rh8 Rxh8
23.Qxh8 Kd7 24.Qg7 Qc7 25.e4 Rd8 26.e5 fxe5 27.Nxe5+ Kc8 28.Ndf3 c5 29.Nxg5 Bxg5
30.Qxg5 Qh7+ 31.Ka1 c4 32.Qf6 Bd7 33.g5 Qc2 34.Rf1 Qxg2 35.g6 Kc7 36.g7 Rg8
37.Nxd7 Kxd7 38.Qf7+ Kc6 39.Qxe6+ Kb5 40.a4+ Kxa4 41.Qd7+ b5 42.Qxa7+ Kb3
43.Qa2+ Kc2 44.b4+  1-0

[Event "Copenhagen op"]
[Site "Copenhagen"]
[Date "1989.??.??"]
[Round "8"]
[White "Andersen, Ib"]
[Black "Zsinka, Laszlo"]
[Result "0-1"]
[WhiteElo "2215"]
[BlackElo "2405"]

1.d4 Nf6 2.Bg5 Ne4 3.Bh4 g5 4.f3 gxh4 5.fxe4 c5 6.e3 Bh6 7.Kf2 Qb6 8.Na3 Qxb2
9.Nc4 Qc3 10.Rb1 cxd4 11.exd4 Nc6 12.Nf3 Na5 13.Bd3 Nxc4 14.Rb3 Qa5 15.Bxc4 h3
16.Rb5 Qc3 17.Bxf7+ Kd8 18.Qe2 Rf8 19.Rc5 Qa3 20.Rh5 Bg7 21.Bc4 Bxd4+ 22.Kg3 Qd6+
23.Kxh3 Bb6 24.e5 Qg6 25.Nh4 d5+ 26.e6 Bxe6+ 27.g4 Qxh5 28.Qxe6 Qf7 29.Qxf7 Rxf7
30.Bxd5 Rf2 31.Bxb7 Rb8 32.Be4 h6 33.Rd1+ Kc7 34.Nf5 Rf4 35.Bd3 e5 36.Re1 Bd4
37.c3 Bxc3 38.Re3 Rb2 39.Ne7 Rff2 40.Nd5+ Kd6 41.Nxc3 Rxh2+ 42.Kg3 Rbg2+
43.Kf3 Rh3+ 44.Kxg2 Rxe3 45.Ne4+ Kd5 46.Nf2 Kd4 47.Bb5 Ra3  0-1

[Event "DEN-chT8990"]
[Site "DEN"]
[Date "1989.??.??"]
[Round "5"]
[White "Auchenberg, Per"]
[Black "Hutters, Tomas"]
[Result "1-0"]
[WhiteElo "2245"]
[BlackElo "2235"]

1.d4 Nf6 2.Bg5 Ne4 3.Bh4 c5 4.f3 g5 5.fxe4 gxh4 6.e3 Qb6 7.Nc3 Qxb2 8.Nd5 Kd8
9.Rb1 Qa3 10.Rb3 Qa5+ 11.Kf2 e6 12.Nc3 cxd4 13.exd4 Nc6 14.Nf3 Bb4 15.Qd3 d6
16.Nd1 Qxa2 17.Ne3 a5 18.Be2 b6 19.Rhb1 Ba6 20.Qd1 a4 21.Rxb4 Nxb4 22.Rxb4 Kc7
23.Bxa6 Rxa6 24.Qd3 Kb7 25.Nc4 Rd8 26.Rb2 Qa1 27.Qc3 Qc1 28.Qb4 a3 29.Nxa3 Rc8
30.c4 h3 31.gxh3 Rg8 32.Nc2 Qh1 33.Ne3 f5 34.exf5 exf5 35.Qxd6 Rc8 36.Nd5  1-0